000 00443nam a2200145Ia 4500
008 231129s1979||||xx |||||||||||||| ||spa||
020 _a84-8277-016-0
040 _bspa
082 _a341.026861 T315d
100 _aTeran Oscar
245 0 _aDel tratado Herran-Hay al tratado Hay-Bunau Varilla. Panama : historia critica del atraco ...
260 _c1979
264 _aCarlos Valencia
942 _2ddc
_cBKS
999 _c8916
_d8916